000 00696nam a2200265Ia 4500
003 OSt
005 20221006151402.0
006 a|||||r|||| 00| 0
007 ta
008 221006b |||||||| |||| 00| 0 eng d
020 _c
_6.00
024 _a21,917
037 _cTextual
040 _aEASL
_cEASL
_beng
041 _2eng
_aeng
082 _aV4134.N69, L1
100 _aHAI Feng
_9659057
245 0 _aAccount of the cultural revolution in canton area
260 _aHong Kong
_bUnion Research Institute
_c1971
300 _a450.
_ccm.
490 _v CL
650 _aCL
_9642733
942 _hV4134.N69, L1
_cTEXL
_2CC
999 _c1090003
_d1090003